00644nam a2200241 a 4500001001300000003000900013005001700022008004100039020000800080082001600088100002000104245002700124260003400151300000900185500003500194505001000229650001900239700002000258902000800278942000700286952009400293999001500387nice12345678IN_TiNIC20260116011500.0050524s1944 lona grp 000 0 eng  ac000a297.4bSMI2 aSmith, Margaret aAl Ghazali the Mystics aLondon bLuzac and Co. c1944 a247p aincludes index and biblioraphy2 aIndex aSufism-Ghazali1 aSmith, Margaret bSRS cBK 00104070aHMIbHMId2009-12-01g0.00l0o297.4 SMI2p01585r2009-12-01w2026-01-16yEB c1925d1925